Systems analysis and design (Record no. 12347)
[ view plain ]
| 000 -LEADER | |
|---|---|
| fixed length control field | 00462nam a2200169 4500 |
| 020 ## - INTERNATIONAL STANDARD BOOK NUMBER | |
| International Standard Book Number | 9788120342064 |
| 082 ## - DEWEY DECIMAL CLASSIFICATION NUMBER | |
| Classification number | 004.21 KEN |
| 100 ## - MAIN ENTRY--PERSONAL NAME | |
| Personal name | Kendall, Kenneth E. |
| 245 ## - TITLE STATEMENT | |
| Title | Systems analysis and design |
| 250 ## - EDITION STATEMENT | |
| Edition statement | 8th ed. |
| 260 ## - PUBLICATION, DISTRIBUTION, ETC. | |
| Place of publication, distribution, etc. | New Delhi, India |
| Name of publisher, distributor, etc. | PHI Learning |
| Date of publication, distribution, etc. | 2011 |
| 300 ## - PHYSICAL DESCRIPTION | |
| Extent | xxviii, 572 p. |
| Other physical details | ill. ; |
| 500 ## - GENERAL NOTE | |
| General note | Includes bibliographies and index. |
| 650 ## - SUBJECT ADDED ENTRY--TOPICAL TERM | |
| Topical term or geographic name entry element | 1.System design.2.System analysis. |
| 700 ## - ADDED ENTRY--PERSONAL NAME | |
| Personal name | Kendall, Julie E. |
| 942 ## - ADDED ENTRY ELEMENTS (KOHA) | |
| Koha item type | Book |
| Withdrawn status | Lost status | Damaged status | Not for loan | Collection code | Permanent Location | Current Location | Shelving location | Date acquired | Source of acquisition | Cost, normal purchase price | Total Checkouts | Full call number | Barcode | Date last seen | Price effective from | Koha item type |
|---|---|---|---|---|---|---|---|---|---|---|---|---|---|---|---|---|
| Central Library (CL) | Central Library (CL) | First Floor - Data Communication/Network/Architecture | 12/27/2013 | Saeed Book Bank | 959.20 | 004.21 KEN | SEECS012747 | 12/29/2013 | 12/29/2013 | Book |
